| 000 | 00803nam a2200241 i 4500 | ||
|---|---|---|---|
| 001 | 124544 | ||
| 003 | ES-MaACL | ||
| 005 | 20250813062626.0 | ||
| 007 | t| | ||
| 008 | 070329s1930 sp abf |||| | spa d | ||
| 080 | _a91(48)(022) | ||
| 100 | 1 |
_aKerp, Heinrich. _967927 |
|
| 245 | 1 | 0 |
_aPaíses escandinavos / _cHeinrich Kerp ; traducción del alemán, prólogo y notas de Carlos de Salas. |
| 260 |
_aBarcelona : _bLabor, _c[1930] |
||
| 300 |
_a338 p., XXXII p. de lám. col., 4 mapas : _bil. ; _c17 cm. |
||
| 490 | 1 |
_aColección Labor ; _v253-254 |
|
| 651 | 4 |
_aEscandinavia- _xDescripción. _9148870 |
|
| 651 | 4 |
_aEscandinavia- _xGeografía. _9145595 |
|
| 700 | 1 |
_aSalas, Carlos de. _9101725 |
|
| 830 | 0 | 0 |
_aColección Labor _v253-254 _9184254 |
| 852 |
_aES-MaACL _jE-2756 |
||
| 999 |
_c124544 _d124544 |
||